[Event "SRB-ch U16"]
[Site "Subotica"]
[Date "2021.05.03"]
[Round "1"]
[White "Ivanovic, Strahinja"]
[Black "Parkajic, Branislav"]
[Result "0-1"]
[WhiteElo "1406"]
[BlackElo "2044"]
[PlyCount "76"]
[EventDate "2021.05.03"]
[EventType "swiss"]
[EventRounds "9"]
[EventCountry "SRB"]
[SourceTitle "EXT 2022"]
[Source "ChessBase"]
[SourceDate "2021.10.06"]
[SourceVersion "1"]
[SourceVersionDate "2021.10.06"]
[SourceQuality "1"]

1. e4 c5 2. b4 cxb4 3. Nf3 d5 4. exd5 Nf6 5. d4 Nxd5 6. Ne5 a6 7. Bc4 e6 8. Qh5 g6 9. Qf3 f6 10. Bxd5 exd5 11. Ng4 Bxg4 12. Qxg4 Kf7 13. 0-0 Qd7 14. Qf3 Nc6 15. c3 Kg7 16. Be3 Bd6 17. cxb4 Bxb4 18. a3 Ba5 19. Ra2 Rhe8 20. Rb2 Rac8 21. Rb3 Ne7 22. g4 b5 23. Kh1 Qe6 24. Rd1 Red8 25. Kg1 Re8 26. Kh1 Ng8 27. Nd2 Re7 28. Kg1 Rec7 29. Nf1 Rc3 30. Rxc3 Rxc3 31. Nd2 Rxa3 32. h4 Bxd2 33. Rxd2 Ra1+ 34. Kg2 f5 35. Re2 fxg4 36. Bh6+ Nxh6 37. Rxe6 gxf3+ 38. Kxf3 Nf5 0-1